Poemas con sol y son (Registro nro. 2158)

Detalles MARC
000 - LÍDER
campo de control de longitud fija 01844nam a22003377a 4500
005 - FECHA Y HORA DE LA ÚLTIMA TRANSACCIÓN
campo de control 20210727153102.0
008 - ELEMENTOS DE DATOS DE LONGITUD FIJA - INFORMACIÓN GENERAL
campo de control de longitud fija 140918b2000 ck a|||g|||| 00| 01sspad
020 ## - INTERNATIONAL STANDARD BOOK NUMBER
International Standard Book Number 9789588841052
040 ## - FUENTE DE CATALOGACIÓN
Agencia de catalogación original CO-BoRNBP
Lenguaje de catalogación spa
Descripción convenciones rda
Agencia de transcripción CO-BoRNBP
084 ## - OTRO NÚMERO DE CLASIFICACIÓN
Número de clasificación P POE30
245 00 - TÍTULO DECLARACIÓN
Título Poemas con sol y son
Declaración de responsabilidad Cecilia Pisos [y otros 47] edición Mabel Morvillo ; ilustración Vicky Ramos ; traducción Susana García
250 ## - DECLARACIÓN DE EDICIÓN
Sentencia de edición Edición especial para el Ministerio de Cultura
264 ## - AVISO DE PRODUCCIÓN, PUBLICACIÓN, DISTRIBUCIÓN, FABRICACIÓN Y DERECHOS DE AUTOR
Lugar de producción Bogotá
Nombre del productor Grupo Editorial Norma
-- Panamericana
Fecha de producción 2000
300 ## - DESCRIPCIÓN FÍSICA
Alcance 72 páginas
Otros datos físicos ilustraciones a color
Dimensiones 21 cm
336 ## - TIPO DE CONTENIDO
Tipo de contenido texto
Código de tipo de contenido txt
Fuente rdacontent
337 ## - TIPO DE MEDIO
Término del tipo de medio sin mediación
Código de tipo de medio n
Fuente rdamedia
338 ## - TIPO DE PORTADOR
Término del tipo de operador volumen
Código de tipo de operador nc
Fuente rdacarrier
490 ## - DECLARACIÓN EN SERIE
Estado de cuenta de la serie Poesía de Américana Latina para niños
490 ## - DECLARACIÓN EN SERIE
Estado de cuenta de la serie Leer es mi cuento
520 ## - RESUMEN
Resumen Un recorrido por la poesía de una América Latina y un Caribe siempre vivos. Ilustrado a todo color, este libro reúne bellos poemas de autores de Argentina, Brasil, Chile, Colombia, Costa Rica, Cuba, Guatemala, México, Nicaragua, Perú, Puerto Rico, República Dominicana y Venezuela. Sencillos de leer para los más pequeños, los poemas tratan temas tan variados como las palabrotas, los animales, las letras y, cómo no, la misteriosa naturaleza.
521 ## - NOTA DE AUDIENCIA OBJETIVO
Nota para el público objetivo Recomendado para niños de 4 a 6 años
650 14 - ENTRADA DE SUJETO AÑADIDO - TÉRMINO TÓPICO
Fuente del título o término LEMB
Término tópico o elemento de entrada del nombre geográfico Poesía infantil latinoamericana
Subdivisión cronológica Siglo XX
650 14 - ENTRADA DE SUJETO AÑADIDO - TÉRMINO TÓPICO
Fuente del título o término LEMB
Término tópico o elemento de entrada del nombre geográfico Literatura infantil latinoamericana
Subdivisión cronológica Siglo XX
650 14 - ENTRADA DE SUJETO AÑADIDO - TÉRMINO TÓPICO
Fuente del título o término LEMB
Término tópico o elemento de entrada del nombre geográfico Vocales en la literatura
650 14 - ENTRADA DE SUJETO AÑADIDO - TÉRMINO TÓPICO
Fuente del título o término LEMB
Término tópico o elemento de entrada del nombre geográfico Sol en la literatura
700 1# - ENTRADA AGREGADA - NOMBRE PERSONAL
Nombre de la persona Pisos, Cecilia
Fechas asociadas a un nombre 1965-
700 1# - ENTRADA AGREGADA - NOMBRE PERSONAL
Nombre de la persona García, Susana
Término del Relator traductor
700 1# - ENTRADA AGREGADA - NOMBRE PERSONAL
Nombre de la persona Ramos, Vicky
Término del Relator ilustrador
830 ## - ENTRADA AGREGADA EN SERIE - TÍTULO UNIFORME
Título uniforme Colección para la Primera Infancia del Ministerio de Cultura, Plan Nacional de Lectura y Escritura Leer es mi cuento, Primera Infancia 2013
9 (RLIN) 88900
942 ## - ELEMENTOS DE ENTRADA AGREGADOS (KOHA)
Fuente de clasificación o esquema de estanterías
Tipo de artículo Koha Literatura Infantil
Existencias
Estado de retirada Pérdida de estatus Fuente de clasificación o esquema de estanterías Estado dañado No para préstamo Código de recogida Ubicación permanente Ubicación actual Ubicación de las estanterías Fecha de adquisición Fuente de adquisición Total de Cajas Número Topográfico Código de barras Precio efectivo desde Número de copia Fecha de la última vez que se vio Tipo de artículo Koha
    Dewey Decimal Classification     Infantil Biblioteca Pública Municipal Abraham Ayala Biblioteca Pública Municipal Abraham Ayala Área Infantil 14/06/2022 Dotación Ministerio de Cultura y Biblioteca Nacional de Colombia   P POE30 PUE13 - 0472 14/06/2022 Ej.1 14/06/2022 Literatura Infantil
    Dewey Decimal Classification     General Biblioteca Pública Municipal Carlos Arturo Bolívar Guevara Biblioteca Pública Municipal Carlos Arturo Bolívar Guevara Área Infantil 26/12/2023 Dotación min y cultura BNC   I861.08P744po BEL03 - 3296 26/12/2023 Ej: 1 26/12/2023 Literatura Infantil
    Dewey Decimal Classification     Infantil Biblioteca Pública Municipal Isaías Naranjo Ríos Biblioteca Pública Municipal Isaías Naranjo Ríos Área Infantil 03/10/2012 Dotación ministerio de cultura   P POE30 API01 - 4058 06/12/2024 Ej.1 06/12/2024 Literatura Infantil
    Dewey Decimal Classification     Infantil Biblioteca Pública Municipal José Eusebio Caro Biblioteca Pública Municipal José Eusebio Caro Área Infantil 23/08/2024 Biblioteca Nacional de Colombia BNC   P POE30 SANP16 - 2314 23/08/2024 Ej.1 23/08/2024 Literatura Infantil
    Dewey Decimal Classification     Infantil Biblioteca Pública Municipal Juan XXIII Biblioteca Pública Municipal Juan XXIII Área Infantil 13/08/2024 Ministerio de cultura   P POE30 BAL02-4182 13/08/2024 Ej.1 13/08/2024 Literatura Infantil
    Dewey Decimal Classification     Infantil Biblioteca Pública Municipal León de Greiff Biblioteca Pública Municipal León de Greiff Área Infantil 08/10/2024 Dotación Ministerio de Cultura-Biblioteca Nacional   P POE30 MAR11 - 1730   Ej. 1 14/05/2024 Literatura Infantil
    Dewey Decimal Classification     Infantil Biblioteca Pública Municipal Pública Municipal de Santuario Biblioteca Pública Municipal Pública Municipal de Santuario Área Infantil 28/06/2023 Dotación MinCultura y BNC   P POE30 SANT18 - 2753 28/06/2023 Ej. 1 28/06/2023 Literatura Infantil